<?xml version="1.0" encoding="UTF-8"?>
<collection xmlns="http://www.loc.gov/MARC21/slim">
<record>
  <controlfield tag="001">170742</controlfield>
  <controlfield tag="005">20260429150230.0</controlfield>
  <datafield tag="037" ind1=" " ind2=" ">
    <subfield code="a">TAZ-TFG-2025-4374</subfield>
  </datafield>
  <datafield tag="041" ind1=" " ind2=" ">
    <subfield code="a">spa</subfield>
  </datafield>
  <datafield tag="100" ind1="1" ind2=" ">
    <subfield code="a">Pérez Sanz, Patricia</subfield>
  </datafield>
  <datafield tag="242" ind1="0" ind2="0">
    <subfield code="a">Functional Conversion of Religious Spaces: The Case of the Church of Santiago el Mayor in Montalbán</subfield>
  </datafield>
  <datafield tag="245" ind1="0" ind2="0">
    <subfield code="a">Reconversión funcional de Espacios Religiosos: La iglesia de Santiago el Mayor en Montalbán</subfield>
  </datafield>
  <datafield tag="260" ind1=" " ind2=" ">
    <subfield code="a">Zaragoza</subfield>
    <subfield code="b">Universidad de Zaragoza</subfield>
    <subfield code="c">2025</subfield>
  </datafield>
  <datafield tag="506" ind1=" " ind2=" ">
    <subfield code="a">by-nc-sa</subfield>
    <subfield code="b">Creative Commons</subfield>
    <subfield code="c">3.0</subfield>
    <subfield code="u">http://creativecommons.org/licenses/by-nc-sa/3.0/</subfield>
  </datafield>
  <datafield tag="520" ind1=" " ind2=" ">
    <subfield code="a">En una época en la que predomina la sobreproducción de elementos arquitectónicos y la construcción de obra nueva, se vuelve necesario replantear el valor que tiene la rehabilitación de estructuras existentes, especialmente aquellas que han quedado en desuso. Frente a la lógica de lo nuevo, es fundamental mirar con otros ojos lo que ya forma parte de nuestro entorno construido, recuperarlo y darle una nueva vida. Este trabajo se centra en la propuesta de un caso concreto: la Iglesia de Santiago el Mayor, ubicada en la localidad de Montalbán (Teruel). Se trata de un edificio de gran valor patrimonial, el cual ha perdido gran parte de su funcionalidad original con el paso del tiempo. En el presente Trabajo de Fin de Grado se propone una forma de intervenir sobre el patrimonio que no se limite a conservar “por el simple hecho de hacerlo”, sino en la que también se contemple su reintegración activa en la vida contemporánea. Así rehabilitar es también imaginar futuros posibles para espacios que, aunque han quedado en silencio, aún tienen mucho que aportar.&lt;br /></subfield>
  </datafield>
  <datafield tag="521" ind1=" " ind2=" ">
    <subfield code="a">Graduado en Estudios en Arquitectura</subfield>
  </datafield>
  <datafield tag="540" ind1=" " ind2=" ">
    <subfield code="a">Derechos regulados por licencia Creative Commons</subfield>
  </datafield>
  <datafield tag="856" ind1="0" ind2=" ">
    <subfield code="f">720164@unizar.es</subfield>
  </datafield>
  <datafield tag="856" ind1="4" ind2=" ">
    <subfield code="s">86365727</subfield>
    <subfield code="u">http://zaguan.unizar.es/record/170742/files/TAZ-TFG-2025-4374.pdf</subfield>
    <subfield code="y">Memoria (spa)</subfield>
  </datafield>
  <datafield tag="909" ind1="C" ind2="O">
    <subfield code="o">oai:zaguan.unizar.es:170742</subfield>
    <subfield code="p">driver</subfield>
    <subfield code="p">trabajos-fin-grado</subfield>
  </datafield>
  <datafield tag="950" ind1=" " ind2=" ">
    <subfield code="a"></subfield>
  </datafield>
  <datafield tag="691" ind1=" " ind2=" ">
    <subfield code="a">3 10 11</subfield>
  </datafield>
  <datafield tag="692" ind1=" " ind2=" ">
    <subfield code="a">En el trabajo realizado se refleja estos tres objetivos de desarrollo sostenible, con la aportación y generación de empleo pudiendo así reducir las desigualdades en el mundo rural.</subfield>
  </datafield>
  <datafield tag="700" ind1=" " ind2=" ">
    <subfield code="a">Espinosa Fernández, Almudena</subfield>
    <subfield code="e">dir.</subfield>
  </datafield>
  <datafield tag="700" ind1=" " ind2=" ">
    <subfield code="a">Gómez García, Alejandro</subfield>
    <subfield code="e">dir.</subfield>
  </datafield>
  <datafield tag="710" ind1="2" ind2=" ">
    <subfield code="a">Universidad de Zaragoza</subfield>
    <subfield code="b">Unidad Predepartamental de Arquitectura</subfield>
    <subfield code="c">Construcciones Arquitectónicas</subfield>
  </datafield>
  <datafield tag="980" ind1=" " ind2=" ">
    <subfield code="a">TAZ</subfield>
    <subfield code="b">TFG</subfield>
    <subfield code="c">EINA</subfield>
  </datafield>
  <datafield tag="999" ind1=" " ind2=" ">
    <subfield code="a">20250909213337.CREATION_DATE</subfield>
  </datafield>
  <datafield tag="951" ind1=" " ind2=" ">
    <subfield code="a">deposita:2026-04-29</subfield>
  </datafield>
</record>
</collection>